000
00282nam a22001337a 4500
008
170322b xxu||||| |||| 00| 0 eng d
020
_a
9780139537530
041
_a
eng
080
_2
3 ED
_a
616.9
100
_a
8
101
_a
SHM
245
_a
VIROLOGY
_c
LEVY.J.A
942
_2
udc
_c
BK
999
_c
8417
_d
8417